000 00543nam a22001937a 4500
005 20260515114923.0
008 220622b ||||| |||| 00| 0 eng d
020 _a9788126705979
040 _aIN-DiNC
_cIN-DiNC
041 _dhin
082 _a891.433
_bVER
100 _aVerma, Bhagwati Charan
_eauthor
245 _aSampurna kahaniyan/
_cby Bhagwati Charan Verma
250 _a5th ed.
260 _aNew Delhi:
_bRajkamal prakashan,
_c2020
300 _a368p.
650 _aHindi short stories by Bhagwati Charan Verma
942 _2ddc
_cBK
999 _c11325
_d11325